Countries with the Lowest Highest Points - Statistics

General Stats
  • This quiz has been taken 9 times
  • The average score is 14 of 20
Answer Stats
° South Answer % Correct
12.30 Fiji
88%
34.23 New Zealand
88%
13.25 Samoa
88%
15.36 Tonga
88%
13.07 Vanuatu
88%
21.48 Argentina
75%
11.22 Comoros
75%
25.44 Eswatini
75%
11.57 Madagascar
75%
10.25 Mauritius
75%
17.46 Botswana
63%
17.19 Chile
63%
28.34 Lesotho
63%
16.56 Namibia
63%
19.17 Paraguay
63%
22.20 South Africa
63%
30.05 Uruguay
63%
9.40 Bolivia
50%
10.27 Mozambique
50%
15.37 Zimbabwe
50%
No matching quizzes found
Score Distribution
Percent of People with Each Score
Percentile by Number Answered
Your Score History
You have not taken this quiz